00397nam a2200157Ia 450000100060000000800410000602000150004704000130006208200210007510000150009624500300011126000540014130000110019554600070020665000260021350217140502s9999 xx 000 0 und d a9693517482 cPK-LaUMT a 891.4393bRAZ-M aRazia Butt aMahroo (Urdu)cRazia Butt aLahore,Pakistan:bSang-e-Meel Publications,c2005 a496 p. aUR aUrdu literature-Novel